LEADER 00976nam a2200265 u 4500 001 000000059253 003 CaOOAMICUS 005 20070226120800.0 008 010625s1995 it u000 u ita u 020 $a8876101713 035 $a10894011 040 $aPUL(R)$bita 100 1 $aCantalamessa, Raniero,$cO.F.M.Cap.$0(OLS)http://pul/name/9381 245 12$aL'obbedienza /$cRaniero Cantalamessa. 250 $a5. ed. 260 $aMilano :$bEditrice Ancora,$c1995. 300 $a83 p. ;$c19 cm 504 $aNote bibliografiche. 650 4$aObbedienza.$0(OLS)http://pul/subject/19955 850 $aPUL 852 $aPUL$W1$xDP1 Altre Collocazioni$y17$mSenza collocazione$j12$nBK-PRI$b $qStampati$B77284$CPULBib$Z2$F77284 $H $81 941 1 $a8 996 $6020$a8876101713$9(OLS)http://pul/number/75331 996 $6245$aL'obbedienza$9(OLS)http://pul/title/79358 996 $6260$aMilano :$bEditrice Ancora$9(OLS)http://pul/publisher/53287 LEADER 01273nam a2200313 a 4500 001 000000140567 003 CaOOAMICUS 005 20141119104556.0 008 141119s1945 it u000 u ita r 040 $aPUL$bita 041 1 $aita$heng 100 1 $aTrevelyan, George Macaulay,$d1876-1962.$0(OLS)http://pul/name/21754 245 13$aLa rivoluzione inglese del 1688-89 /$cGeorge Macaulay Trevelyan ; traduzione dall'inglese di Cesare Pavese. 250 $a2. ed. 260 $aTorino :$bEinaudi,$c1945. 300 $aXI, 191 p. ;$c21 cm 490 1 $aSaggi ;$v22 504 $aBibliografia in nota. 650 4$aDemocrazia$xStudi.$0(OLS)http://pul/subject/39580 651 4$aInghilterra$xStoria$y1688-1689.$0(OLS)http://pul/subject/39761 700 1 $aPavese, Cesare,$d1908-1950.$0(OLS)http://pul/name/65424 830 0$aSaggi (Einaudi) ;$v22.$0(OLS)http://pul/title/9841 850 $aPUL 852 $aPUL$W1$xDP1 Fondo Capitani$y116$m1 B 16.22$j162371$qFondi$B161892$CPULBib$Z2$F161892 $HCap1282 $82 941 1 $a1 961 $aNota ms. di possesso: Capitani. 996 $6245$aLa rivoluzione inglese del 1688-89$9(OLS)http://pul/title/170756 996 $6260$aTorino :$bEinaudi$9(OLS)http://pul/publisher/48130